|
|
|
|
| LEADER |
00000nab a2200000uu 4500 |
| 001 |
vtls010897116 |
| 003 |
SK-MaSNL |
| 005 |
20260304025913.0 |
| 008 |
250310|2007 xo |||||||||||||||||hun| |
| 015 |
|
|
|a SNBRB
|
| 035 |
|
|
|a (urnnbn)urn:nbn:sk:snk:ar-006mih
|
| 035 |
|
|
|a (uuid)99231d55-389a-4b7f-b5d7-39c4cb4af655
|
| 035 |
|
|
|a urn:nbn:sk:snk-ab8pm4
|
| 040 |
|
|
|a SNKBUCL
|b slo
|c SNKBUCL
|e AACR2
|
| 041 |
0 |
|
|a hun
|
| 044 |
|
|
|a xo
|c SK
|
| 100 |
1 |
|
|a Keserű, József,
|d 1975-
|4 aut
|9 134664
|
| 245 |
1 |
0 |
|a Nyelv, reprezentáció, irodalom Lévinasnál
|c József Keserű
|
| 773 |
0 |
|
|t Partitúra : a Sambucus Irodalomtudományi Társaság folyóirata
|g Roč. 2, č. 1 (2007), s. 77-100
|
| 958 |
|
|
|a OND
|
| 958 |
|
|
|a article10
|
| 999 |
|
|
|c 2630521
|d 2632451
|